000 00503nam a2200181Ia 4500
005 20250508153220.0
008 008 250505s9999 xx 000 0 eng d
037 _aTextual
040 _aFEDL
_beng
_cFEDL
041 _aeng
_2eng
084 _a539.76, LAR
_qFEDL
100 _aLarsen Egon
245 0 _aAtoms and atomic energy
260 _aLondon, UK
_bWeidenfeld and Nicolson (Educational) Ltd
_c1963
300 _a48p.
942 _cTEXL
_h539.76, LAR
999 _c1341311
_d1341311